000 00478nam a2200181Ia 4500
001 19829
005 20260306172721.0
008 260306t2014||||xx |||||||||||||| ||spa||
041 _aESP
082 _a341.11
_bCH533
100 _aChávez-Fernández Postigo, José
_eAUT
245 0 _aPersona humana y derecho:
_bun diálogo con la filosofía jurídica de Javier Hervada
260 _c2014
300 _a
_c
650 _aGEN
654 _aCDE
942 _cLIB
_dJUS
_fJUS
_2ddc
_n
999 _c19829
_d19829